[Event "Sitges op 48th"]
[Site "Sitges"]
[Date "2024.07.26"]
[Round "5"]
[White "Jankowiak, Piotr"]
[Black "Binu, Devdutt"]
[Result "1-0"]
[WhiteElo "2126"]
[BlackElo "2053"]
[PlyCount "77"]
[EventDate "2024.07.22"]
[EventType "swiss"]
[EventRounds "9"]
[EventCountry "ESP"]
[SourceTitle "CBM 221 Extra"]
[Source "ChessBase"]
[SourceDate "2024.09.30"]
[SourceVersion "1"]
[SourceVersionDate "2024.09.30"]
[SourceQuality "1"]

1. d4 Nf6 2. Bg5 d5 3. Bxf6 gxf6 4. e3 c5 5. dxc5 e6 6. Nf3 Bxc5 7. Be2 Nc6 8. 0-0 0-0 9. c4 dxc4 10. Qc2 b6 11. Rd1 Qe7 12. Qxc4 Bb7 13. Qh4 f5 14. Ng5 h6 15. Qxh6 f6 16. Bc4 Bc8 17. Qg6+ Kh8 18. Nf3 Qg7 19. Qh5+ Qh7 20. Qxh7+ Kxh7 21. Nc3 Na5 22. Be2 Rf7 23. Rd8 Bb7 24. Rad1 Bxf3 25. Bxf3 Rxd8 26. Rxd8 Nc4 27. Na4 Bb4 28. a3 b5 29. Rc8 Ba5 30. Be2 bxa4 31. Rxc4 Rc7 32. Rxa4 Rc1+ 33. Bf1 Bb6 34. g3 Rb1 35. b4 Kg6 36. h3 Ra1 37. Kg2 e5 38. b5 Bc5 39. g4 1-0

[Event "Sitges op 48th"]
[Site "Sitges"]
[Date "2024.07.23"]
[Round "2"]
[White "Binu, Devdutt"]
[Black "Sai Mahati, Alapati"]
[Result "1-0"]
[WhiteElo "2053"]
[BlackElo "1953"]
[PlyCount "41"]
[EventDate "2024.07.22"]
[EventType "swiss"]
[EventRounds "9"]
[EventCountry "ESP"]
[SourceTitle "CBM 221 Extra"]
[Source "ChessBase"]
[SourceDate "2024.09.30"]
[SourceVersion "1"]
[SourceVersionDate "2024.09.30"]
[SourceQuality "1"]

1. c4 c6 2. Nf3 d5 3. g3 Nf6 4. Bg2 Bf5 5. Qb3 Qb6 6. Qxb6 axb6 7. cxd5 Nxd5 8. Nd4 Bxb1 9. Rxb1 Rxa2 10. Bxd5 cxd5 11. Nb5 e6 12. Na3 b5 13. Nxb5 Ra5 14. Nc3 Nc6 15. d3 Bb4 16. Bd2 Nd4 17. e3 Nb3 18. Ke2 Kd7 19. d4 Rc8 20. Be1 Ra6 21. Kd3 1-0

[Event "Barcelona Sant Marti op-A 24th"]
[Site "Barcelona"]
[Date "2024.07.20"]
[Round "8"]
[White "Gutierrez Espinosa, Karen"]
[Black "Binu, Devdutt"]
[Result "0-1"]
[WhiteElo "2084"]
[BlackElo "2053"]
[PlyCount "160"]
[EventDate "2024.07.13"]
[EventType "swiss"]
[EventRounds "9"]
[EventCountry "ESP"]
[SourceTitle "CBM 221 Extra"]
[Source "ChessBase"]
[SourceDate "2024.09.30"]
[SourceVersion "1"]
[SourceVersionDate "2024.09.30"]
[SourceQuality "1"]

1. e4 e5 2. Nf3 Nc6 3. Bb5 a6 4. Ba4 Nf6 5. Qe2 b5 6. Bb3 Bc5 7. c3 d6 8. h3 Rb8 9. 0-0 0-0 10. Rd1 Ba7 11. d3 h6 12. Nbd2 Qe7 13. Nf1 Be6 14. Bc2 a5 15. Ng3 d5 16. d4 dxe4 17. Nxe4 exd4 18. Nxf6+ Qxf6 19. Qe4 Qg6 20. cxd4 Qxe4 21. Bxe4 Ne7 22. Bf4 Bd5 23. Bxd5 Nxd5 24. Bg3 Rbd8 25. Ne5 Bb6 26. a4 b4 27. Nc4 Rfe8 28. Nxb6 cxb6 29. Kf1 Rc8 30. Rac1 f6 31. Rxc8 Rxc8 32. Ke2 b3 33. Kd3 Kf7 34. Ke4 Ke6 35. Rd3 f5+ 36. Kf3 Rc3 37. bxc3 b2 38. Rd1 Nxc3 39. Re1+ Kd5 40. Ke3 b1Q 41. Rxb1 Nxb1 42. Bc7 Kc6 43. Be5 g6 44. Kd3 Na3 45. Bg7 b5 46. axb5+ Nxb5 47. Bxh6 Kd5 48. Bc1 Nxd4 49. Bb2 Ne6 50. g3 a4 51. h4 Nc5+ 52. Ke3 Kc4 53. f3 Kb3 54. Bd4 Ne6 55. Be5 a3 56. g4 f4+ 57. Kd2 a2 58. h5 gxh5 59. gxh5 Ng5 60. Ke2 Nf7 61. Bf6 Kc2 62. Bg7 Nh6 63. Bf6 Nf5 64. Kf2 Kd3 65. Ba1 Kd2 66. Be5 Kc2 67. Bf6 Kd3 68. Ba1 Kc4 69. Kg2 Kd3 70. Kf2 Nh6 71. Bf6 Kd2 72. Ba1 Kc2 73. Bg7 Kd3 74. Ba1 Nf5 75. Bb2 Ne3 76. Ba1 Nf5 77. Bf6 Nd4 78. h6 a1Q 79. h7 Qa2+ 80. Kf1 Qe2+ 0-1

[Event "Barcelona Sant Marti op-A 24th"]
[Site "Barcelona"]
[Date "2024.07.16"]
[Round "4"]
[White "Chaitanya, V."]
[Black "Binu, Devdutt"]
[Result "0-1"]
[WhiteElo "2002"]
[BlackElo "2053"]
[PlyCount "98"]
[EventDate "2024.07.13"]
[EventType "swiss"]
[EventRounds "9"]
[EventCountry "ESP"]
[SourceTitle "CBM 221 Extra"]
[Source "ChessBase"]
[SourceDate "2024.09.30"]
[SourceVersion "1"]
[SourceVersionDate "2024.09.30"]
[SourceQuality "1"]

1. e4 e5 2. Nf3 Nc6 3. d4 exd4 4. Nxd4 Bc5 5. Nb3 Bb6 6. Nc3 Nf6 7. Qe2 d6 8. Bg5 Nd4 9. Qd2 Ne6 10. Be3 Qe7 11. 0-0-0 Bxe3 12. Qxe3 Ng4 13. Qg3 Qg5+ 14. Kb1 Qf4 15. Rd2 Qxg3 16. hxg3 Bd7 17. Be2 Nf6 18. Bf3 0-0-0 19. Na5 Ng5 20. Re2 Nxf3 21. gxf3 Rhe8 22. Rd2 h6 23. Rhd1 Nh7 24. f4 Bg4 25. Re1 Nf6 26. Re3 Bd7 27. f3 Nh5 28. Ne2 b6 29. Nb3 f5 30. Kc1 g5 31. Rd4 Nxg3 32. fxg5 Nxe2+ 33. Rxe2 hxg5 34. Rg2 fxe4 35. fxe4 g4 36. Nd2 Re7 37. Nf1 Rf8 38. Ng3 Rf4 39. Kd2 Re6 40. Rd3 Bc6 41. Ke3 Rf3+ 42. Kd4 Rf4 43. c4 Bxe4 44. Nxe4 Rexe4+ 45. Kc3 Rxc4+ 46. Kd2 Rcd4 47. Ke3 Rfe4+ 48. Kd2 Rxd3+ 49. Kxd3 d5 0-1

[Event "Budapest FS11 Nadassy"]
[Site "Budapest"]
[Date "2023.11.12"]
[Round "8.2"]
[White "Farago, Sandor"]
[Black "Binu, Devdutt"]
[Result "1/2-1/2"]
[WhiteElo "2067"]
[BlackElo "1741"]
[PlyCount "74"]
[EventDate "2023.11.04"]
[EventType "tourn"]
[EventRounds "12"]
[EventCountry "HUN"]
[SourceTitle "EXT 2025"]
[Source "ChessBase"]
[SourceDate "2024.10.14"]
[SourceVersion "1"]
[SourceVersionDate "2024.10.14"]
[SourceQuality "1"]
[WhiteTeam "Team Higher Elo"]
[BlackTeam "Team Lower Elo"]
[WhiteTeamCountry "HUN"]
[BlackTeamCountry "HUN"]

1. Nf3 Nf6 2. c4 g6 3. g3 Bg7 4. Bg2 d5 5. cxd5 Nxd5 6. 0-0 Nb6 7. Nc3 Nc6 8. d3 0-0 9. Ne1 Be6 10. Nc2 Nd5 11. Ne4 Qc8 12. Ng5 h6 13. Nxe6 Qxe6 14. e4 Ndb4 15. Nxb4 Nxb4 16. d4 Qc4 17. Be3 Nc2 18. Rc1 Nxe3 19. Rxc4 Nxd1 20. Rxd1 c6 21. d5 Rfd8 22. Bf3 cxd5 23. exd5 Be5 24. b3 Rac8 25. Ra4 a6 26. d6 Rxd6 27. Rxd6 Bxd6 28. Bxb7 Rc2 29. f4 Bc5+ 30. Kh1 g5 31. Rc4 Rxc4 32. bxc4 a5 33. Kg2 Kg7 34. Kf3 f5 35. h3 Kf6 36. Bc8 e5 37. fxe5+ Kxe5 1/2-1/2

[Event "Budapest FS11 Nadassy"]
[Site "Budapest"]
[Date "2023.11.06"]
[Round "3.3"]
[White "Fodre, Sandor"]
[Black "Binu, Devdutt"]
[Result "0-1"]
[WhiteElo "1956"]
[BlackElo "1741"]
[PlyCount "82"]
[EventDate "2023.11.04"]
[EventType "tourn"]
[EventRounds "12"]
[EventCountry "HUN"]
[SourceTitle "EXT 2025"]
[Source "ChessBase"]
[SourceDate "2024.10.14"]
[SourceVersion "1"]
[SourceVersionDate "2024.10.14"]
[SourceQuality "1"]
[WhiteTeam "Team Higher Elo"]
[BlackTeam "Team Lower Elo"]
[WhiteTeamCountry "HUN"]
[BlackTeamCountry "HUN"]

1. e4 e5 2. Nf3 Nc6 3. d4 exd4 4. Nxd4 Bc5 5. Be3 Qf6 6. c3 Nge7 7. Bb5 Bb6 8. 0-0 0-0 9. f4 Nxd4 10. cxd4 d5 11. e5 Qg6 12. Nc3 c6 13. Be2 Bh3 14. Bf3 Nf5 15. Bf2 Nh6 16. Na4 Bg4 17. Nxb6 axb6 18. Kh1 Bxf3 19. Qxf3 Qg4 20. Qxg4 Nxg4 21. Bg1 Nh6 22. f5 g6 23. f6 Ra4 24. a3 Nf5 25. Rf4 c5 26. b3 Rxd4 27. Bxd4 Nxd4 28. b4 Nb3 29. Rd1 d4 30. Kg1 c4 31. Rfxd4 Nxd4 32. Rxd4 Rc8 33. Rd2 Kf8 34. Kf2 Ke8 35. Ke3 Ra8 36. Kd4 Rd8+ 37. Kc3 Rxd2 38. Kxd2 b5 39. Kc3 Kd7 40. a4 bxa4 41. b5 a3 0-1

[Event "Bhubaneswar op-A 14th"]
[Site "Bhubaneswar"]
[Date "2023.06.11"]
[Round "1"]
[White "Badamundi, Tapan"]
[Black "Binu, Devdutt"]
[Result "1-0"]
[WhiteElo "1868"]
[BlackElo "1648"]
[PlyCount "91"]
[EventDate "2023.06.11"]
[EventType "swiss"]
[EventRounds "10"]
[EventCountry "IND"]
[SourceTitle "EXT 2024"]
[Source "ChessBase"]
[SourceDate "2023.10.10"]
[SourceVersion "1"]
[SourceVersionDate "2023.10.10"]
[SourceQuality "1"]

1. d4 Nf6 2. Nf3 g6 3. Bf4 Bg7 4. e3 0-0 5. Nbd2 d5 6. Be2 b6 7. 0-0 e6 8. c3 Ba6 9. Bxa6 Nxa6 10. Qe2 Qc8 11. h3 c5 12. a4 Qb7 13. Rfe1 Rfd8 14. Bg5 h6 15. Bh4 g5 16. Bg3 Ne4 17. Nxe4 dxe4 18. Nd2 cxd4 19. exd4 f5 20. Bh2 e5 21. dxe5 Nc5 22. Nc4 Nd3 23. Nd6 Qd7 24. Red1 Qe6 25. g4 fxg4 26. Nxe4 Nxe5 27. Bxe5 Qxe5 28. hxg4 Kh8 29. Ng3 Qf4 30. Nh5 Qe5 31. Qxe5 Bxe5 32. Re1 Re8 33. Kg2 Rad8 34. Re2 Bd6 35. Rae1 Rf8 36. Re6 Kh7 37. Nf6+ Kh8 38. Ne4 Bc5 39. b4 Bxb4 40. cxb4 Rd4 41. Rh1 Rxb4 42. Rhxh6+ Kg7 43. Rhg6+ Kh8 44. Nxg5 Rxg4+ 45. Kh3 Rxa4 46. Rh6+ 1-0